<?xml version="1.0" encoding="UTF-8"?>
<record
    xmlns:xsi="http://www.w3.org/2001/XMLSchema-instance"
    xsi:schemaLocation="http://www.loc.gov/MARC21/slim http://www.loc.gov/standards/marcxml/schema/MARC21slim.xsd"
    xmlns="http://www.loc.gov/MARC21/slim">

  <leader>01068nam a22002894a 4500</leader>
  <controlfield tag="001">503</controlfield>
  <controlfield tag="003">BR-IBIA</controlfield>
  <controlfield tag="005">20260129100350.0</controlfield>
  <controlfield tag="008">170815s2016    bl a   g      000 f por  </controlfield>
  <datafield tag="020" ind1=" " ind2=" ">
    <subfield code="a">9788580091403</subfield>
  </datafield>
  <datafield tag="040" ind1=" " ind2=" ">
    <subfield code="b">por</subfield>
  </datafield>
  <datafield tag="041" ind1=" " ind2=" ">
    <subfield code="h">por</subfield>
  </datafield>
  <datafield tag="082" ind1="0" ind2="4">
    <subfield code="a">B869.3</subfield>
    <subfield code="b">M433a</subfield>
  </datafield>
  <datafield tag="100" ind1=" " ind2=" ">
    <subfield code="a">Matos, Rui</subfield>
    <subfield code="9">1083</subfield>
  </datafield>
  <datafield tag="245" ind1="1" ind2="0">
    <subfield code="a">Agnus Dei :</subfield>
    <subfield code="b">no mar de &#xE1;gua doce /</subfield>
    <subfield code="c">Rui Matos.</subfield>
  </datafield>
  <datafield tag="260" ind1=" " ind2=" ">
    <subfield code="a">Cuiab&#xE1;</subfield>
    <subfield code="b">Carlini &amp; Caniato,</subfield>
    <subfield code="c">2016.</subfield>
  </datafield>
  <datafield tag="300" ind1=" " ind2=" ">
    <subfield code="a">287p. :</subfield>
    <subfield code="b">il. ;</subfield>
  </datafield>
  <datafield tag="500" ind1=" " ind2=" ">
    <subfield code="a">

</subfield>
  </datafield>
  <datafield tag="520" ind1=" " ind2=" ">
    <subfield code="a">No Pantanal, o ritmo das &#xE1;guas rege a vida e os sentimentos em um oceano adocicado pela paix&#xE3;o. O romance vivenciado na d&#xE9;cada de 1930, no buc&#xF3;lico arraial de Pocon&#xE9;, fundado em 1777, a 100 quil&#xF4;metros de Cuiab&#xE1;, capital de Mato Grosso, &#xE9; uma grande paix&#xE3;o que se fundiu aos mist&#xE9;rios da maior plan&#xED;cie alagada do Planeta.
</subfield>
  </datafield>
  <datafield tag="650" ind1=" " ind2="0">
    <subfield code="a">Literatura Brasileira</subfield>
    <subfield code="9">205</subfield>
  </datafield>
  <datafield tag="650" ind1=" " ind2="0">
    <subfield code="a">Fic&#xE7;&#xE3;o regionalista</subfield>
    <subfield code="9">1084</subfield>
  </datafield>
  <datafield tag="650" ind1=" " ind2="0">
    <subfield code="a">Vida rural</subfield>
    <subfield code="9">1047</subfield>
  </datafield>
  <datafield tag="650" ind1=" " ind2="0">
    <subfield code="a">Cotidiano pantaneiro</subfield>
    <subfield code="9">1085</subfield>
  </datafield>
  <datafield tag="655" ind1=" " ind2=" ">
    <subfield code="a">Romance</subfield>
    <subfield code="9">23</subfield>
  </datafield>
  <datafield tag="655" ind1=" " ind2=" ">
    <subfield code="a">Fic&#xE7;&#xE3;o</subfield>
    <subfield code="9">22</subfield>
  </datafield>
  <datafield tag="942" ind1=" " ind2=" ">
    <subfield code="2">ddc</subfield>
    <subfield code="n">0</subfield>
    <subfield code="c">BK</subfield>
  </datafield>
  <datafield tag="952" ind1=" " ind2=" ">
    <subfield code="0">0</subfield>
    <subfield code="1">0</subfield>
    <subfield code="2">ddc</subfield>
    <subfield code="4">0</subfield>
    <subfield code="7">0</subfield>
    <subfield code="8">FIC</subfield>
    <subfield code="a">BIBIB</subfield>
    <subfield code="b">BIBIB</subfield>
    <subfield code="c">LE</subfield>
    <subfield code="d">2026-01-29</subfield>
    <subfield code="e">doa&#xE7;&#xE3;o</subfield>
    <subfield code="l">0</subfield>
    <subfield code="o">B869.3 / M433a</subfield>
    <subfield code="p">2026-17438</subfield>
    <subfield code="r">2026-01-29 09:13:30</subfield>
    <subfield code="w">2026-01-29</subfield>
    <subfield code="y">BK</subfield>
  </datafield>
  <datafield tag="999" ind1=" " ind2=" ">
    <subfield code="c">503</subfield>
    <subfield code="d">503</subfield>
  </datafield>
</record>
